| 000 | 00712nam a2200181 4500 | ||
|---|---|---|---|
| 008 | 171213b xxu||||| |||| 00| 0 eng d | ||
| 020 | _a0671722751 | ||
| 082 |
_21992 _aDC 822.33 _bSh1 |
||
| 100 |
_925125 _aShakespeare, William, 1564-1616., author. |
||
| 245 |
_aThe tragedy of Macbeth / _cby William Shakespeare ; [editors, Barbara A. Mowat, Paul Werstine]. |
||
| 250 | _aWashington Square Press new Folger's edition. | ||
| 260 |
_aNew York : _bPocket Books, _c©1992. |
||
| 300 |
_axlviii, 223 pages : _billustrations ; _c 18 cm. |
||
| 650 | 0 |
_925128 _aShakespeare, William, 1564-1616. Macbeth. |
|
| 700 |
_925126 _aMowat, Barbara A., author. |
||
| 700 |
_925127 _a Werstine, Paul, author. |
||
| 942 |
_2ddc _cDC |
||
| 999 |
_c8119 _d8119 |
||